000 00300nam a22001337a 4500
008 170527b xxu||||| |||| 00| 0 eng d
020 _a0910554390
041 _aeng
080 _22ND
_a62
100 _a27
101 _aim
245 _aENGINEERING ECONOMIC ANALYSIS
_cNEWNAN, D.G
942 _2udc
_cBK
999 _c14681
_d14681